000 00286 a2200133 4500
001 49432
020 _a8575201794
040 _cAnchieta - Bela Vista
240 1 0 _aA cabritinha bebé
_lpor
245 1 0 _aA cabritinha bebé
300 _a8
650 4 _aLiteratura infantil
942 _cBK
999 _c49432
_d49432